The ebony tower /

Saved in:
Bibliografiske detaljer
Hovedforfatter: Fowles, John, 1926-2005
Format: Bog
Sprog:English
Udgivet: London : Cape, 1974.
LEADER 01230nam a2200349 a 4500
001 c000138187
003 CARM
005 19890928000000.0
008 750110s1974 enk 000 1 eng
015 |a GB*** 
019 1 |a 353039  |z 55231475  |5 LACONCORD2021 
020 |a 022401045X (pbk.) :  |c L.2.50 
020 |a 0224010344 
035 |a (OCoLC)1150130  |5 LACONCORD2021 
040 |a LC  |b eng  |c LC  |d XNTU 
050 0 0 |a PR6056.O85  |b E2 
082 1 4 |a 823/.9/14  |2 19 
100 1 |a Fowles, John,  |d 1926-2005. 
245 1 4 |a The ebony tower /  |c John Fowles. 
246 3 |a Enigma 
246 3 |a Cloud 
246 3 |a Eliduc 
246 3 |a Poor Koko 
260 |a London :  |b Cape,  |c 1974. 
300 |a 300 p. ;  |c 21 cm. 
500 |a A collection of novellas. 
505 0 |a The ebony tower.--Eliduc.--Poor Koko.--The enigma.--The cloud. 
852 8 |b CARM  |h A2:AI25G0  |i A01956  |p 0147744  |f BK 
852 8 |b CARM  |h A1:AL06C0  |i B09885  |p 0445186  |f BK 
999 f f |i c83c56d4-bf71-505b-80cc-9111444aa900  |s d6f58118-47f4-5482-b624-b80db19e5f58 
952 f f |p Can circulate  |a CAVAL  |b CAVAL  |c CAVAL  |d CARM 1 Store  |e B09885  |f A1:AL06C0  |h Other scheme  |i book  |m 0445186 
952 f f |p Can circulate  |a CAVAL  |b CAVAL  |c CAVAL  |d CARM 1 Store  |e A01956  |f A2:AI25G0  |h Other scheme  |i book  |m 0147744